The basics of investing / (Record no. 345736)
[ view plain ]
| 000 -LEADER | |
|---|---|
| fixed length control field | 01177 a2200205 4500 |
| 020 ## - INTERNATIONAL STANDARD BOOK NUMBER | |
| International Standard Book Number | 0471548537 |
| 020 ## - INTERNATIONAL STANDARD BOOK NUMBER | |
| International Standard Book Number | 9780471548539 |
| 082 04 - DEWEY DECIMAL CLASSIFICATION NUMBER | |
| Classification number | 332.678 |
| 090 ## - LOCALLY ASSIGNED LC-TYPE CALL NUMBER (OCLC); LOCAL CALL NUMBER (RLIN) | |
| -- | 3248 |
| -- | 3248 |
| 100 1# - MAIN ENTRY--PERSONAL NAME | |
| Personal name | Gup, Benton E. |
| 245 14 - TITLE STATEMENT | |
| Title | The basics of investing / |
| Statement of responsibility, etc. | Benton E. Gup. |
| 250 ## - EDITION STATEMENT | |
| Edition statement | 5th ed. |
| 260 ## - PUBLICATION, DISTRIBUTION, ETC. | |
| Place of publication, distribution, etc. | [S.l.] : |
| Name of publisher, distributor, etc. | Wiley, |
| Date of publication, distribution, etc. | 1992. |
| 300 ## - PHYSICAL DESCRIPTION | |
| Extent | 544 p. ; |
| Dimensions | 23 cm. |
| 500 ## - GENERAL NOTE | |
| General note | Hardcover. |
| 520 ## - SUMMARY, ETC. | |
| Summary, etc. | Written for students and business neophytes alike, it provides a thorough grounding in the art of investing. Defines the basic types of securities and the concepts of risk and return; explains how the securities market operates; shows how to analyze securities step-by-step; explores the issues of administering investments in stocks, tax shelters, real estate and other investments; and deals with the special situations that might arise in convertibles, commodities and derivative securities. Financial analysis from a global perspective is included. |
| 856 40 - ELECTRONIC LOCATION AND ACCESS | |
| Materials specified | Amazon.com |
| Uniform Resource Identifier | <a href="http://www.amazon.com/exec/obidos/ASIN/0471548537/chopaconline-20">http://www.amazon.com/exec/obidos/ASIN/0471548537/chopaconline-20</a> |
| 856 40 - ELECTRONIC LOCATION AND ACCESS | |
| Materials specified | Amazon customer reviews |
| Uniform Resource Identifier | <a href="http://www.chopac.org/cgi-bin/tools/azrev.pl?q=0471548537">http://www.chopac.org/cgi-bin/tools/azrev.pl?q=0471548537</a> |
| 942 ## - ADDED ENTRY ELEMENTS (KOHA) | |
| Institution code [OBSOLETE] | NBS |
| Koha item type | Book |
| Call number prefix | 332.678 GUP |
| Withdrawn status | Lost status | Damaged status | Not for loan | Permanent Location | Current Location | Date acquired | Total Checkouts | Full call number | Barcode | Date last seen | Date last checked out | Price effective from | Koha item type |
|---|---|---|---|---|---|---|---|---|---|---|---|---|---|
| Central Library (CL) | Central Library (CL) | 08/28/2013 | 2 | 332.678 GUP | NBS4689 | 06/15/2022 | 01/14/2022 | 08/28/2013 | Book |
